000
00301nam a22001337a 4500
008
181023b xxu||||| |||| 00| 0 eng d
020
_a
9781605258027
041
_a
eng
080
_a
721
100
_a
42
101
_a
NDE
245
_a
Print Reading for Construction
_c
Brown, W.C
942
_2
udc
_c
BK
999
_c
50612
_d
50612